000 00726nam a2200181Ia 4500
008 100920s9999 xx 000 0 und d
082 _b6282
_a891.464 थ 48
100 _aअनु. दिवाण कुंदर. / नारायण जयप्रकाश
245 _aविद्यार्थ्यामध्ये.
260 _bपरंधाम विद्यापीठ प्रकाशन पो. पवनार (वर्धा).
_c1948
300 _a46
_b---
365 _b0.25
520 _aनिबंध.
630 _aविद्यार्थ्यामध्ये.
650 _aनिबंध.
730 _aविद्यार्थ्यामध्ये.
942 _cBOOK
999 _c674839
_d674836